[Event "Novorossiysk Small Land Blitz op"]
[Site "Novorossiysk"]
[Date "2023.07.29"]
[Round "2"]
[White "Volkov, Maksim"]
[Black "Shmatov, Alexander"]
[Result "1-0"]
[WhiteElo "2235"]
[BlackElo "1503"]
[PlyCount "61"]
[EventDate "2023.07.29"]
[EventType "swiss (blitz)"]
[EventRounds "13"]
[EventCountry "RUS"]
[SourceTitle "CBM 215 Extra"]
[Source "ChessBase"]
[SourceDate "2023.09.30"]
[SourceVersion "1"]
[SourceVersionDate "2023.09.30"]
[SourceQuality "1"]

1. d4 Nf6 2. c4 e6 3. g3 Bb4+ 4. Bd2 Bxd2+ 5. Qxd2 d5 6. Nc3 0-0 7. Bg2 c6 8. Nf3 Nbd7 9. 0-0 Nb6 10. c5 Nc4 11. Qc2 Bd7 12. b3 Na5 13. Ne5 b6 14. b4 Nc4 15. Nxc4 dxc4 16. Ne4 b5 17. a4 Nd5 18. axb5 cxb5 19. Qb2 a5 20. bxa5 Rxa5 21. Nd6 Rxa1 22. Rxa1 Qb8 23. e4 Nc7 24. d5 exd5 25. exd5 Ne8 26. Nxc4 Nf6 27. Ne5 Bf5 28. Nc6 Qe8 29. Qxb5 Qd7 30. Ra7 Qe8 31. Ne7+ 1-0